[Event "GER-chT U12"]
[Site "Muenchen"]
[Date "2022.12.28"]
[Round "4"]
[White "Miede, Arthur"]
[Black "Al Marawi, Yousef"]
[Result "1/2-1/2"]
[WhiteElo "1208"]
[BlackElo "1545"]
[PlyCount "43"]
[EventDate "2022.12.26"]
[EventType "team-swiss"]
[EventRounds "7"]
[EventCountry "GER"]
[SourceTitle "CBM 212 Extra"]
[Source "ChessBase"]
[SourceDate "2023.03.31"]
[SourceVersion "1"]
[SourceVersionDate "2023.03.31"]
[SourceQuality "1"]
[WhiteTeam "Kirchheim/Teck"]
[BlackTeam "Erkenschwick"]
[WhiteTeamCountry "GER"]
[BlackTeamCountry "GER"]

1. e4 e6 2. d4 d5 3. exd5 exd5 4. Bd3 Nf6 5. Nf3 Bd6 6. Be3 0-0 7. 0-0 Bg4 8. Nbd2 Nbd7 9. h3 Bh5 10. c3 c6 11. Qc2 Qc7 12. Rac1 Rfe8 13. Rfe1 Rac8 14. a3 b5 15. a4 Rb8 16. axb5 cxb5 17. Qb3 a6 18. Ra1 Ra8 19. Ra2 Reb8 20. Rea1 Qc8 21. Qc2 Bg6 22. Nh4 1/2-1/2